[Chov koní na Slovensku]

Z obsahu: Slovenský chov koní po privatizačnom úraze ešte stále kríva. Stratový biznis hľadá pomoc u štátu - Slovensko sa aj v podpore koní musí prispôsobiť európskym pravidlám. Topoľčiansky žrebčín je výkladnou skriňou, ostatné padli. Kone sú drahým koníčkom. Závodisko v Petržalke má priaznivcov i...

Descrizione completa

Salvato in:
Dettagli Bibliografici
Autore principale: Janků, Jana
Natura: Capitolo di libro
Lingua:slovacco
Soggetti:
Tags: Aggiungi Tag
Nessun Tag, puoi essere il primo ad aggiungerne!!

MARC

LEADER 00000naa$a2200000$$$4500
001 0023528
005 20231009075551.5
041 0 |a slo 
044 |a SK 
245 1 0 |a [Chov koní na Slovensku]  |c Jana Janků 
520 |a Z obsahu: Slovenský chov koní po privatizačnom úraze ešte stále kríva. Stratový biznis hľadá pomoc u štátu - Slovensko sa aj v podpore koní musí prispôsobiť európskym pravidlám. Topoľčiansky žrebčín je výkladnou skriňou, ostatné padli. Kone sú drahým koníčkom. Závodisko v Petržalke má priaznivcov i kritikov. Šport je pre kone testom kvality. 
610 2 0 |a chov zvierat 
610 2 0 |a privatizácia 
610 2 0 |a podpory 
610 2 0 |a štát 
610 2 0 |a závody 
610 2 0 |a šport 
610 2 0 |a kvalita 
610 2 0 |a Slovensko 
100 1 |a Janků, Jana